| 000 | 00517nam a2200193Ia 4500 | ||
|---|---|---|---|
| 005 | 20250923144353.0 | ||
| 008 | 008 250917s9999 xx 000 0 eng d | ||
| 037 | _aTextual | ||
| 040 |
_aDSWL _beng _cDSWL |
||
| 041 |
_aeng _2eng |
||
| 084 |
_aXM25::2, N4 _qDSWL |
||
| 245 | 0 |
_aReview of the cooperative movemant in India _cby Reserve Bank of India |
|
| 260 |
_aBombay _c1950 |
||
| 300 | _a134 p. | ||
| 365 |
_aINR _b2 |
||
| 925 | _g2 | ||
| 942 |
_cTEXL _hXM25::2, N4 |
||
| 999 |
_c1438001 _d1438001 |
||